Estimacion de la distribucion de los componentes en una mezcla multicomponente / José Juan Hern ndez Vargas (Registro nro. 17094)

Detalles MARC
000 -LÍDER
fixed length control field 00529nam a2200133 4500
008 - ELEMENTOS DE LONGITUD FIJA -- INFORMACIÓN GENERAL
fixed length control field 0 2003 0a 000 0MEX
050 ## - SIGNATURA TOPOGRAFICA DE LA BIBLIOTECA DEL CONGRESO (LC)
Número de Clasificación TP155 M6 H4 2003
082 ## - NUMERO DE CLASIFICACION DECIMAL DEWEY
Número de Clasificación 660.284.292 H4e
100 ## - ASIENTO PRINCIPAL--NOMBRE PERSONAL
Nombre personal Hern ndez Vargas, José Juan
245 ## - TÍTULO
Título Estimacion de la distribucion de los componentes en una mezcla multicomponente / José Juan Hern ndez Vargas
300 ## - DESCRIPCIÓN FÍSICA
Extensión 30 p. / 29 cm.
502 ## - NOTA DE TESIS
Nota de tesis Monografía. Opción v. I.T.Z. ( Quimica ) M.C. Jorge Rosales Perez
650 ## - ASIENTO SECUNDARIO DE MATERIA - TERMINO TEMÁTICO
Término temático o nombre geográfico como elemento de entrada 1.DESTILACION \ 2.DISTRIBUCION DE COMPONENTES
Existencias
No. biblioteca No. biblioteca Número de clasificación Código de barras/Número de adquisición Número de copia Tipo de material
LUIS G. INCLAN LUIS G. INCLAN 660.284.292 H4e Q48-2003 1 Libros
Calzada Tecnológico # 27, Zacatepec, Morelos.
01(734) 343-07-23 / 343-21-10 / 343-21-11
Apdo. Postal 45 C.P 62780